000 02958namaa2200457uu 4500
001 doab90725
003 oapen
005 20260305123950.0
006 m o d
007 cr|mn|---annan
008 220804s2023 xx |||||o ||| 0|eng d
020 _a9780367349028
020 _a9780429328657
020 _a9780429328657
020 _a9781032306063
024 7 _a10.4324/9780429328657
_2doi
040 _aoapen
_coapen
041 0 _aeng
042 _adc
072 7 _aJKV
_2bicssc
720 1 _aJohns, Diana
_4aut
245 0 0 _aCo-production and Criminal Justice
260 _bTaylor & Francis
_c2023
300 _a1 online resource (160 p.)
336 _atext
_btxt
_2rdacontent
337 _acomputer
_bc
_2rdamedia
338 _aonline resource
_bcr
_2rdacarrier
490 1 _aCriminology in Focus
506 0 _aFree-to-read
_fUnrestricted online access
_2star
520 _aThis book explores practical examples of co-production in criminal justice research and practice. Through a series of seven case studies, the authors examine what people do when they co-produce knowledge in criminal justice contexts: in prisons and youth detention; with criminalised women; from practitioners' perspectives; and with First Nations communities. Co-production holds a promise: that people whose lives are entangled in the criminal justice system can be valued as participants and partners, helping to shape how the system works. But how realistic is it to imagine criminal justice 'service users' participating, partnering, and sharing genuine decision-making power with those explicitly holding power over them? Taking a sophisticated yet accessible theoretical approach, the authors consider issues of power, hierarchy and different ways of knowing to understand the perils and possibilities of co-production under the shadow of 'justice'. In exploring these complexities, the book brings cautious optimism to co-production partners and project leaders. This book provides a foundational text for scholars and practitioners seeking to apply co-production principles in their research and practice. With stories from Australia, the UK and Ireland, the text will appeal to the international community. For students of criminology and social work, especially practitioners and/or those with lived experience of criminal justice entanglement, the book's critical insights will enhance their work in the field.
540 _aAll rights reserved
_uhttp://oapen.org/content/about-rights
546 _aEnglish
650 7 _aCrime & criminology
_2bicssc
653 _aCo-production; prisons; criminal justice; youth detention
720 1 _aFlynn, Catherine
_4aut
720 1 _aHall, Maggie
_4aut
720 1 _aSpivakovsky, Claire
_4aut
720 1 _aTurner, Shelley
_4aut
793 0 _aDOAB Library.
856 4 0 _uhttps://directory.doabooks.org/handle/20.500.12854/90725
_70
_zFree-to-read: DOAB: description of the publication
999 _c93015
_d93015